LEADER 01003nam a2200253 4500 001 000000361772 003 CaOOAMICUS 005 20250220140515.0 008 250220s2024 it a 000 u ita r 020 $a978-88-290-2708-8 040 $aSeMil$bita 100 1 $aCentrone, Bruno,$d<1955- >.$0(OLS)http://semarc/name/121532 245 10$aVita in comune :$bil pitagorismo nel mondo antico /$cBruno Centrone. 264 1$aRoma :$bCarocci,$c2024. 300 $a291 p. ;$c22 cm 490 1 $aFrecce ;$v398 600 14$aPitagorismo.$0(OLS)http://semarc/subject/57179 830 0$aFrecce ;$v398.$0(OLS)http://semarc/title/6388 850 $aSeMil 852 $aSeMil$W1$xVenegono$y1$m2P V 697$j254625$B252718$CSeMilBibl$Z2$F252718 $81 996 $6020$a978-88-290-2708-8$9(OLS)http://semarc/number/302516 996 $6245$aVita in comune :$bil pitagorismo nel mondo antico$9(OLS)http://semarc/title/452559 996 $6264$aRoma :$bCarocci$9(OLS)http://semarc/publisher/31977 LEADER 01115nam a2200265 4500 001 000000361798 003 CaOOAMICUS 005 20250224102616.0 008 250221s2022 xxk 000 u eng r 020 $a978-0-349-72662-5 040 $aSeMil$bita 100 1 $aStock, Kathleen,$d<1972- >.$0(OLS)http://semarc/name/121538 245 10$aMaterial girls :$bwhy reality matters for femminism /$cKathleen Stock. 264 1$aLondon :$bFleet,$c2022. 300 $aVIII, 312 p. ;$c20 cm 650 4$aIdentità di genere.$0(OLS)http://semarc/subject/51156 650 4$aFemminismo.$0(OLS)http://semarc/subject/6815 650 4$aTransgender.$0(OLS)http://semarc/subject/57183 850 $aSeMil 852 $aSeMil$W1$xVenegono$y1$m2E III 326$j254682$B252742$CSeMilBibl$Z2$F252742 $81 961 $aBrambilla don Paolo - Omaggio 996 $6020$a978-0-349-72662-5$9(OLS)http://semarc/number/302527 996 $6245$aMaterial girls :$bwhy reality matters for femminism$9(OLS)http://semarc/title/452585 996 $6264$aLondon :$bFleet$9(OLS)http://semarc/publisher/62254